| LEADER 00000nam 2200000uu 4500 |
| 001 13399116847 |
| 003 ULIBM |
| 008 160531s||||||||th 000 0 tha d |
| 082 0 ^aอ920^bบ485พ
|
| 100 0 ^aบุษบา สนทวงศ์.
|
| 245 00 ^aพระบาทสมเด็จพระจอมเกล้าเจ้าอยู่หัว His Majesty King Mongkut /^cโดย บุษยา สนิทวงศ์ ณ อยุธยา,บรรณาธิการ.
|
| 260 ^aกรุงเทพฯ :^bอมรินทร์พริ้นติ้งแอนด์พับลิชชิ่ง,^cม.ป.ป.
|
| 300 ^a87 หน้า :^bภาพประกอบ ;^c26 ซม.
|
| 650 0 ^aMongkut, King of Siam,^d1804-1868.
|
| 650 0 ^aThailand^xKing and rulers.
|
| 650 0 ^aKing Rama IV,^d1851-1868.
|
| 999 ^aจริญญา
|
หนังสือดีน่าอ่าน

“ดั่งดวงแก้ว ส่องสว่าง ทางสายงาม”
จัดทำขึ้นเพื่อเฉลิมพระเกียรติ สมเด็จพระเทพรัตนราชสุดา ฯ สยามบรมราชกุมารี
เนื่องในโอกาสมหามงคลเฉลิมพระชนมพรรษา ๕ รอบ ๒ เมษายน ๒๕๕๘
โดยหนังสือเล่มนี้ได้รวบรวม ๖๐ พระอัจฉริยภาพของสมเด็จพระเทพ ฯ
ผู้อ่านจะได้รับแรงบันดาลใจให้พากเพียรเรียนรู้และขยันอดทนทำการงาน
ตามรอยเบื้องพระยุคลบาท เพราะพระองค์ทรงเป็นแบบอย่างอันดีเยี่ยมในทุกด้าน
ทั้งในความใฝ่รู้ใฝ่เรียน คุณธรรมจริยธรรม พระวิริยอุตสาหะในการทรงงาน
และอื่นๆอีกมากมาย ล้วนสามารถสร้างแรงบันดาลใจให้แก่เด็กและเยาวชน
อีกทั้งประชาชนทั่วไป ให้พากเพียรเรียนรู้และขยันอดทนทำการงานตามรอยพระยุคลบาท
เพื่อฝึกฝนตนเองให้เป็นคนดีคนเก่งของครอบครัวและสังคมต่อไป